[Event "13. Lovsprings EMT Basis 3 2002"]
[Site "Ringsted"]
[Date "2002.05.03"]
[Round "7"]
[White "Holst, Lasse"]
[Black "Vilsgaard, Lars"]
[Result "1-0"]
[WhiteElo "1059"]
[BlackElo "1064"]
[PlyCount "69"]
[EventDate "2002.??.??"]

1. d4 d5 2. c4 Nf6 3. e3 e6 4. Nc3 c6 5. Bd3 Bb4 6. Bd2 Bxc3 7. Bxc3 O-O 8. Qc2
Re8 9. Nf3 g6 10. O-O Qc7 11. Ne5 Nbd7 12. f4 Nf8 13. Rf3 Nh5 14. Rh3 Qe7 15.
Qf2 f6 16. Nf3 e5 17. f5 e4 18. Be2 exf3 19. Bxf3 Qxe3 20. Qxe3 Rxe3 21. cxd5
Bxf5 22. Rh4 cxd5 23. Kf2 Rae8 24. g4 Bxg4 25. Rxg4 f5 26. Bxd5+ Kg7 27. Rh4
Re2+ 28. Kf1 b6 29. Bc6 R8e3 30. d5+ Kf7 31. d6 Ke6 32. Rd1 Nd7 33. Bd5+ Kxd6
34. Bc4+ Kc7 35. Bxe2 1-0

[Event "13. Lovsprings EMT Basis 3 2002"]
[Site "Ringsted"]
[Date "2002.05.03"]
[Round "7"]
[White "Jakobsen, Henning"]
[Black "Janbazi, Farzad"]
[Result "0-1"]
[WhiteElo "1091"]
[BlackElo "1046"]
[PlyCount "148"]
[EventDate "2002.??.??"]

1. d4 d5 2. c4 c6 3. Nc3 Bf5 4. e3 e6 5. cxd5 exd5 6. Nge2 Bb4 7. Bd2 Nf6 8.
Ng3 Bg6 9. Be2 Bd6 10. O-O h5 11. Bf3 Bxg3 12. fxg3 Nbd7 13. Qe2 Nb6 14. b3 Qc7
15. e4 Qe7 16. Rae1 O-O-O 17. Bg5 Qb4 18. Bxf6 gxf6 19. Qe3 dxe4 20. Nxe4 Rhe8
21. Qc3 Qxd4+ 22. Qxd4 Rxd4 23. Nxf6 Rxe1 24. Rxe1 h4 25. Bg4+ Kc7 26. gxh4 Nd5
27. Ne8+ Kb6 28. h3 f5 29. Bf3 Rxh4 30. Nd6 Nb4 31. Nc4+ Kc5 32. Re5+ Nd5 33.
Ne3 f4 34. Nxd5 cxd5 35. Bxd5 Kd6 36. Rg5 b6 37. Bc4 Be4 38. Kh2 Bc6 39. Rg7 a5
40. a4 Bd7 41. Rg6+ Kc5 42. Rg5+ Kc6 43. Bb5+ Kd6 44. Bxd7 Kxd7 45. Rf5 Kd6 46.
g3 fxg3+ 47. Kxg3 Rd4 48. Rf4 Rd3+ 49. Rf3 Rd4 50. h4 Ke6 51. h5 Rd8 52. Kg4
Rd4+ 53. Rf4 Rd8 54. Rf5 Rg8+ 55. Rg5 Rb8 56. h6 Kd6 57. h7 Rh8 58. Rg7 Kc5 59.
Kh5 Kb4 60. Kh6 Kxb3 61. Rg8 Rxh7+ 62. Kxh7 Kxa4 63. Rg4+ Kb3 64. Rg1 b5 65.
Rg5 Kb4 66. Rg1 a4 67. Kg6 Kc3 68. Kf5 a3 69. Ke4 b4 70. Ke3 b3 71. Rc1+ Kb2
72. Kd2 a2 73. Re1 a1=Q 74. Rxa1 Kxa1 0-1